Psychological stress, issues in research ; [papers] /

Bibliographic Details
Corporate Authors: Conference on Psychological Stress Toronto, York University (Toronto, Ont.). Department of Psychology
Other Authors: Appley, Mortimer H. (Mortimer Herbert), Trumbull, Richard
Format: Conference Proceeding Book
Language:English
Published: New York : Appleton-Century-Crofts, [1967]
Series:Century psychology series.
Subjects:

MARC

Tag First Indicator Second Indicator Subfields
LEADER 00000cam a22000001 4500
001 in00000011481
005 20200125063205.0
008 731212s1967 nyua b 10000 eng
010 |a  66025453  
035 |a (OCoLC)00235076 
035 |9 AAA6167AM 
040 |a DLC  |c DLC  |d m.c.  |d m/c  |d TXA  |d UtOrBLW 
049 |a TXAM  |c [A10924033] 
050 0 0 |a BF575.S75  |b C6 1965aa 
082 0 |a 152.434 
111 2 |a Conference on Psychological Stress  |d (1965 :  |c Toronto) 
245 1 0 |a Psychological stress, issues in research ;  |b [papers] /  |c Edited by Mortimer H. Appley [and] Richard Trumbull. 
264 1 |a New York :  |b Appleton-Century-Crofts,  |c [1967] 
300 |a xvi, 471 pages :  |b illustrations ;  |c 24 cm. 
336 |a text  |b txt  |2 rdacontent 
337 |a unmediated  |b n  |2 rdamedia 
338 |a volume  |b nc  |2 rdacarrier 
490 1 |a The Century psychology series 
500 |a "Based on an interdisciplinary Conference ... held at York University, Toronto, Canada, May 10-12, 1965 under contract, Nonr 4612-(00) between the Group Psychology Branch, Psychological Sciences Division, U.S. Office of Naval Research and the Department of Psychology, York University." 
504 |a Bibliography: pages 413-458. 
650 0 |a Stress (Psychology) 
700 1 |a Appley, Mortimer H.  |q (Mortimer Herbert) 
700 1 |a Trumbull, Richard. 
710 2 |a York University (Toronto, Ont.).  |b Department of Psychology. 
830 0 |a Century psychology series. 
948 |a 473677 WW 11/85 
999 |a MARS 
999 f f |s ea6fdcdc-dda2-3499-ae63-11cd15dc620d  |i c412dc0a-96e6-346e-96ce-10b75961571f  |t 0 
952 f f |p ric  |a Texas A&M University  |b Rellis Campus  |c Joint Library Facility  |d Remote Storage  |t 0  |e BF575.S75 C6 1965aa  |h Library of Congress classification  |i unmediated -- volume  |m A14810924033 
998 f f |a BF575.S75 C6 1965aa  |t 0  |l Remote Storage